000 00580nam a2200205Ia 4500
003 OSt
005 20220926002648.0
006 a|||||r|||| 00| 0
007 ta
008 220923b |||||||| |||| 00| 0 eng d
037 _cGeneral Book
040 _aRTL
_cRTL
_beng
041 _2eng
_aeng
082 _aY15.2.N89, M9
245 0 _aOccassional papers on pers pectives in Indian development.
260 _a New Delhi
_bNehru Memorial Museum and Library
_c1989
300 _a120p.
_ccm.
942 _hY15.2.N89, M9
_cGB
_2CC
999 _c605771
_d605771